Případ plukovníka Švarce : filmové scenario s částečným použitím námětu Marie Křížové /

Hlavní autor: Hašler, Karel, 1879-1941
Další autoři: Křížová, Marie, aut.scénáře
Jazyk: Čeština
Vydáno: Praha : [s.n., 1930?]
Fyzický popis: 197 s.
Knihy
Uloženo v:
LEADER 00689nam a2200193 a 4500
001 000637454
003 CZ BrMZK
005 20050924141022.0
007 ta
008 021120q19291931xr f cze d
040 |a BOA001  |b cze  |c BOA001 
100 1 |a Hašler, Karel,  |d 1879-1941  |7 jk01040136  |4 sce 
245 1 0 |a Případ plukovníka Švarce :  |b filmové scenario s částečným použitím námětu Marie Křížové /  |c Karel Hašler 
260 |a Praha :  |b [s.n.,  |c 1930?]  |f (Pressa) 
300 |a 197 s. 
700 1 |a Křížová, Marie,  |c aut.scénáře  |4 aut 
910 |a BOA001  |b 4-0286.294 
990 |a BK 
996 6 |b BC-62781  |c 4-0286.294  |l MZK  |r Sklad / do 24 hodin  |n 0  |w 000637454  |u 000010  |a 1  |e BOA001  |j MZK50  |s P